Исследование интегральных параметров применительно к топкам с циркулирующим кипящим слоем; Теплофизические основы энергетических технологий

Dades bibliogràfiques
Parent link:Теплофизические основы энергетических технологий.— 2014.— [С. 121-125]
Autor principal: Гиль А. В. Андрей Владимирович
Autor corporatiu: Национальный исследовательский Томский политехнический университет (ТПУ) Энергетический институт (ЭНИН) Кафедра парогенераторостроения и парогенераторных установок (ПГС и ПГУ)
Altres autors: Гиль А. Ю.
Sumari:Заглавие с экрана
Idioma:rus
Publicat: 2014
Matèries:
Accés en línia:http://earchive.tpu.ru/handle/11683/23314
http://www.lib.tpu.ru/fulltext/c/2014/C02/027.pdf
Format: MixedMaterials Electrònic Capítol de llibre
KOHA link:https://koha.lib.tpu.ru/cgi-bin/koha/opac-detail.pl?biblionumber=613828

MARC

LEADER 00000naa2a2200000 4500
001 613828
005 20231222103310.0
035 |a (RuTPU)RU\TPU\conf\11985 
035 |a RU\TPU\conf\11984 
090 |a 613828 
100 |a 20150901d2014 k y0rusy50 ca 
101 0 |a rus 
102 |a RU 
105 |a y z 100zy 
135 |a drcn ---uucaa 
181 0 |a i  
182 0 |a b 
200 1 |a Исследование интегральных параметров применительно к топкам с циркулирующим кипящим слоем  |f А. В. Гиль, А. Ю. Гиль 
203 |a Текст  |c электронный 
215 |a 1 файл (391 Кб) 
300 |a Заглавие с экрана 
320 |a [Библиогр.: с. 124-125 (6 назв.)] 
337 |a Adobe Reader 
463 1 |0 (RuTPU)RU\TPU\conf\11903  |t Теплофизические основы энергетических технологий  |o сборник статей V Всероссийской научной конференции с международным участием, 15-17 октября 2014 г., г. Томск  |f Национальный исследовательский Томский политехнический университет (ТПУ), Энергетический институт (ЭНИН) ; под ред. Г. В. Кузнецова [и др.]  |v [С. 121-125]  |d 2014 
610 1 |a электронный ресурс 
610 1 |a труды учёных ТПУ 
610 1 |a интегральные параметры 
610 1 |a топки 
610 1 |a кипящий слой 
700 1 |a Гиль  |b А. В.  |c специалист в области теплотехники  |c доцент Томского политехнического университета, кандидат технических наук  |f 1983-  |g Андрей Владимирович  |3 (RuTPU)RU\TPU\pers\26007  |9 11856 
701 1 |a Гиль  |b А. Ю. 
712 0 2 |a Национальный исследовательский Томский политехнический университет (ТПУ)  |b Энергетический институт (ЭНИН)  |b Кафедра парогенераторостроения и парогенераторных установок (ПГС и ПГУ)  |3 (RuTPU)RU\TPU\col\18681 
801 1 |a RU  |b 63413507  |c 20101016 
801 2 |a RU  |b 63413507  |c 20210317  |g RCR 
856 4 |u http://earchive.tpu.ru/handle/11683/23314 
856 4 |u http://www.lib.tpu.ru/fulltext/c/2014/C02/027.pdf 
942 |c BK